Wilson and another v Truelove and another (Record no. 72380)

MARC details
000 -LEADER
fixed length control field 01513cam a2200253 4500
001 - CONTROL NUMBER
control field ABS66555
008 - FIXED-LENGTH DATA ELEMENTS--GENERAL INFORMATION
fixed length control field 030331n2003 000 0 eng u
035 ## - SYSTEM CONTROL NUMBER
System control number (Sirsi) u121788
245 ## - TITLE STATEMENT
Title Wilson and another v Truelove and another
260 ## - PUBLICATION, DISTRIBUTION, ETC.
Date of publication, distribution, etc. 2003
490 ## - SERIES STATEMENT
Series statement Estates Gazette
Volume/sequential designation [2003] 23 EG 136-139(4)
520 ## - SUMMARY, ETC.
Summary, etc. ChD, 21 February 2003. Claimants (W) purchased the freehold of a farm from a company controlled by defendants (T). Cl3 of the contract gave T the right in certain circumstances to re-purchase the property with no time limit prescribed for the exercise of the right. W made application to vacate the land charge in respect of the right to re-purchase, arguing that the right was void and of no effect by reason of the Perpetuities and Accumulations Act 1964 s9(2). T argued that if the right was void, the contract must be rectified, alternatively W were estopped from relying on s9(2) of the Act. "Held" claim allowed and the registration of the land charge vacated. W were not estopped from relying on s9(2) to avoid a right of re-purchase unlimited in time and there was no case for rectifying the contract.
590 ## - LOCAL NOTE (RLIN)
Local note ABS
650 ## - SUBJECT ADDED ENTRY--TOPICAL TERM
Topical term or geographic name entry element WILSON AND ANOTHER V TRUELOVE AND ANOTHER
650 ## - SUBJECT ADDED ENTRY--TOPICAL TERM
Topical term or geographic name entry element TIME LIMITS
650 ## - SUBJECT ADDED ENTRY--TOPICAL TERM
Topical term or geographic name entry element RECTIFICATION
650 ## - SUBJECT ADDED ENTRY--TOPICAL TERM
Topical term or geographic name entry element PERPETUITIES AND ACCUMULATIONS ACT 1964 S9(2)
650 ## - SUBJECT ADDED ENTRY--TOPICAL TERM
Topical term or geographic name entry element ESTOPPEL
650 ## - SUBJECT ADDED ENTRY--TOPICAL TERM
Topical term or geographic name entry element RIGHT OF RE-PURCHASE
650 ## - SUBJECT ADDED ENTRY--TOPICAL TERM
Topical term or geographic name entry element CONDITIONS OF SALE
650 ## - SUBJECT ADDED ENTRY--TOPICAL TERM
Topical term or geographic name entry element LAND CHARGES
690 ## - LOCAL SUBJECT ADDED ENTRY--TOPICAL TERM (OCLC, RLIN)
Topical term or geographic name as entry element PROPERTY AND LAND LAW-CASE LAW
942 ## - ADDED ENTRY ELEMENTS (KOHA)
Suppress in OPAC 0
Holdings
Withdrawn status Lost status Source of classification or shelving scheme Damaged status Not for loan Home library Current library Shelving location Date acquired Total Checkouts Full call number Barcode Date last seen Copy number Price effective from Koha item type
    Dewey Decimal Classification     London London Journal article 31/03/2003   ABS66555 121788-1001 06/08/2019 1 06/08/2019 Law report